مكتبة جامعة عجلون الوطنية

فهرس بحث المكتبة

Community Nutrition for Developing Countries (Record no. 33542)

MARC details
000 -LEADER
fixed length control field 00610nam a22001937a 4500
003 - CONTROL NUMBER IDENTIFIER
control field JO-AjAnu
005 - DATE AND TIME OF LATEST TRANSACTION
control field 20240611140655.0
008 - FIXED-LENGTH DATA ELEMENTS--GENERAL INFORMATION
fixed length control field 240611b jo ||||| |||| 00| 0 ara d
020 ## - INTERNATIONAL STANDARD BOOK NUMBER
International Standard Book Number 9781927356111
040 ## - CATALOGING SOURCE
Original cataloging agency JO-AjAnu
Language of cataloging ENG
Transcribing agency JO-AjAnu
041 ## - LANGUAGE CODE
Language code of original ENG
100 ## - MAIN ENTRY--PERSONAL NAME
Personal name Temple, Norman J.
9 (RLIN) 65474
245 ## - TITLE STATEMENT
Title Community Nutrition for Developing Countries
Statement of responsibility, etc. / Norman J. Temple, Nelia Steyn
260 ## - PUBLICATION, DISTRIBUTION, ETC.
Name of publisher, distributor, etc. University of South Africa,
Date of publication, distribution, etc. AU PRESS,
Place of publication, distribution, etc. 2019
300 ## - PHYSICAL DESCRIPTION
Extent 493 pages
650 7# - SUBJECT ADDED ENTRY--TOPICAL TERM
Form subdivision Nutrition-Developing countries-Temple-Norman J
700 ## - ADDED ENTRY--PERSONAL NAME
Personal name Nelia Steyn
9 (RLIN) 65469
Relator term Joint author
942 ## - ADDED ENTRY ELEMENTS (KOHA)
Source of classification or shelving scheme Library of Congress Classification
Koha item type Books
Suppress in OPAC No
Holdings
Withdrawn status Lost status Source of classification or shelving scheme Damaged status Not for loan Home library Current library Date acquired Total Checkouts Full call number Barcode Date last seen Price effective from Koha item type
    Library of Congress Classification     مكتبة جامعة عجلون الوطنية مكتبة جامعة عجلون الوطنية 11/06/2024   TX360.C64.2019 E3769 11/06/2024 11/06/2024 Books
    Library of Congress Classification     مكتبة جامعة عجلون الوطنية مكتبة جامعة عجلون الوطنية 11/06/2024   TX360.C64.2019 E3770 11/06/2024 11/06/2024 Books